<?xml version="1.0" encoding="UTF-8"?>
<collection xmlns="http://www.loc.gov/MARC21/slim">
 <record>
  <leader>00606pamaa2200169   4500</leader>
  <controlfield tag="001">0000039938</controlfield>
  <controlfield tag="005">20080618090000.0</controlfield>
  <datafield tag="020" ind1="0" ind2="0">
   <subfield code="a">0763716677 (pbk) </subfield>
  </datafield>
  <datafield tag="082" ind1=" " ind2=" ">
   <subfield code="a">005.133 AND</subfield>
  </datafield>
  <datafield tag="090" ind1="0" ind2="0">
   <subfield code="a">QA76.73.J38 </subfield>
   <subfield code="b">AND 2005</subfield>
  </datafield>
  <datafield tag="100" ind1="1" ind2="0">
   <subfield code="a">ANDERSON </subfield>
  </datafield>
  <datafield tag="245" ind1="1" ind2="0">
   <subfield code="a">Java 5 illuminated : </subfield>
   <subfield code="b">an active learning approach  </subfield>
   <subfield code="c">Julie Anderson, Herve Franceschi.</subfield>
  </datafield>
  <datafield tag="260" ind1="0" ind2="0">
   <subfield code="a">Boston: </subfield>
   <subfield code="b">Jones and Bartlett Publishers, </subfield>
   <subfield code="c">2005.</subfield>
  </datafield>
  <datafield tag="300" ind1=" " ind2=" ">
   <subfield code="a">xxxi, 1177p.: </subfield>
   <subfield code="b">col.ill.; </subfield>
   <subfield code="c">23 cm.</subfield>
  </datafield>
  <datafield tag="500" ind1="0" ind2="0">
   <subfield code="a">Includes 1 CD-ROM with title &quot; Student Resource Disk for Java 5 Illuminated &quot;</subfield>
  </datafield>
  <datafield tag="650" ind1="0" ind2="0">
   <subfield code="a">Java (Computer Program language) </subfield>
  </datafield>
  <datafield tag="700" ind1="1" ind2="1">
   <subfield code="a">Franceschi, </subfield>
   <subfield code="h">Herve </subfield>
  </datafield>
 </record>
</collection>
